Normal view
MARC view
- Pandey, P
Entry Personal Name
001 - CONTROL NUMBER
- control field: 69745
003 - CONTROL NUMBER IDENTIFIER
- control field: OSt
005 - DATE AND TIME OF LATEST TRANSACTION
- control field: 20220806111616.0
008 - FIXED-LENGTH DATA ELEMENTS
- fixed length control field: 220806|| aca||aabn | a|a d
040 ## - CATALOGING SOURCE
- Original cataloging agency: OSt
- Transcribing agency: OSt
100 ## - HEADING--PERSONAL NAME
- Personal name: Pandey, P
670 ## - SOURCE DATA FOUND
- Source citation: Work cat.: (OSt)39104: Pandey, P., Feminist Concerns In The Fiction Of Shobha De, 2014